000 00791cam a2200205 4500
008 040610t19851985mx g b 000 0 spa u
020 _a9688322016
035 _aa437738
050 0 0 _aHD6535
_b.J3 G88 1985
100 1 _aGutiérrez Zermeño, Rodolfo
245 1 0 _aMovimiento obrero en Jalisco, periodo 1925-1930 /
_cRodolfo Gutiérrez Zermeño.
260 _aGuadalajara, Jalisco, México :
_b Gobierno de Jalisco, Secretaría General, Unidad Editorial,
_c 1985.
300 _a64 p. ;
_c21 cm.
440 0 _aTemática jalisciense ;
_vNo. 12
500 _a2 ejemplares
504 _aIncluye bibliografías
650 1 4 _aSindicatos
_zMéxico
_zJalisco
_xHistoria
_ySiglo XX
650 2 4 _aSindicatos
_zMéxico
_zJalisco
_xActividad política
_xHistoria
_ySiglo XX
942 _2lcc
_cLIB
999 _c67012
_d67012